Escudos de Equipes do Brasileirão Série A 2025 - Statistics

Estatísticas Gerais
  • Esse quiz foi jogado 55 vezes
  • A pontuação média é 19 de 20
Estatísticas das Respostas
Imagem Resposta % Correto
Bahia
100%
Botafogo
100%
Bragantino
100%
Ceará
100%
Corinthians
100%
Cruzeiro
100%
Flamengo
100%
Fluminense
100%
Fortaleza
100%
Grêmio
100%
Internacional
100%
Juventude
100%
Mirassol
100%
Palmeiras
100%
Santos
100%
Vasco
100%
Atlético Mineiro
98%
Sport
96%
Vitória
92%
São Paulo FC
54%
Nenhum quiz correspondente encontrado
Distribuição das Pontuações
Porcentagem de Pessoas com Cada Pontuação
Percentil de Números Respondidos
Sua Pontuação Histórica
Você não jogou esse quiz